|
|
|
|
| LEADER |
03070nam a2200733 a 4500 |
| 001 |
nkc20112173478 |
| 003 |
CZ PrNK |
| 005 |
20170524112129.0 |
| 007 |
ta |
| 008 |
110309s2010 xr a e 000 0 cze |
| 015 |
|
|
|a cnb002173478
|
| 020 |
|
|
|a 978-80-7414-285-7
|q (brož.)
|
| 035 |
|
|
|a (OCoLC)730407872
|
| 040 |
|
|
|a OLA001
|b cze
|d BOA001
|
| 043 |
|
|
|a e-xr---
|b e-xr-us
|2 czenas
|
| 045 |
|
|
|a y1y1
|
| 072 |
|
7 |
|a 72/76
|x Výtvarné umění
|2 Konspekt
|9 21
|
| 080 |
|
|
|a 394.1/.2
|2 MRF
|
| 080 |
|
|
|a 72/76.022.82
|2 MRF
|
| 080 |
|
|
|a 72/793-026.912
|2 MRF
|
| 080 |
|
|
|a 316.344.6-056.26/.3
|2 MRF
|
| 080 |
|
|
|a 364-786
|2 MRF
|
| 080 |
|
|
|a (437.315)
|2 MRF
|
| 080 |
|
|
|a (036)
|2 MRF
|
| 080 |
|
|
|a (084.12)
|2 MRF
|
| 100 |
1 |
|
|a Kratochvílová, Jitka,
|d 1980-
|7 xx0130514
|4 aut
|
| 245 |
1 |
0 |
|a Integra Jam /
|c [autoři Jitka Kratochvílová, Hana Pejčochová ; foto Michal Zvěřina]
|
| 250 |
|
|
|a Vyd. 1.
|
| 260 |
|
|
|a Ústí nad Labem :
|b Univerzita J.E. Purkyně v Ústí nad Labem,
|c 2010
|
| 300 |
|
|
|a 44 s. :
|b barev. il. ;
|c 19 cm +
|e 1 CD-ROM
|
| 500 |
|
|
|a Integrační festival, 3.-6.5.2010 v Ústí nad Labem, v rámci projektu "Umělecká tvorba jako prostředek integrace mentálně, zdravotně, sociálně a jinak handikepovaných skupin společnosti"
|
| 500 |
|
|
|a Název z obálky
|
| 500 |
|
|
|a 50 výt.
|
| 504 |
|
|
|a Obsahuje bibliografické odkazy
|
| 505 |
2 |
0 |
|t Lanové aktivity jako prostředek integrace zdravotně postižených /
|r Iva Kratochvílová
|
| 611 |
2 |
7 |
|a Integra Jam
|d (2010 :
|c Ústí nad Labem, Česko)
|7 xx0134178
|2 czenas
|
| 648 |
|
7 |
|a 2001-2010
|7 ch460588
|2 czenas
|
| 648 |
|
7 |
|a 2010
|7 ch967319
|2 czenas
|
| 648 |
|
7 |
|a 21. století
|7 ch460559
|2 czenas
|
| 650 |
0 |
7 |
|a festivaly
|7 ph166544
|z Česko
|y 2001-2010
|2 czenas
|
| 650 |
0 |
7 |
|a výtvarné dílny
|7 ph380407
|z Česko
|y 2001-2010
|2 czenas
|
| 650 |
0 |
7 |
|a street art
|7 ph448217
|z Česko
|y 21. století
|2 czenas
|
| 650 |
0 |
7 |
|a osoby se zdravotním postižením
|7 ph127575
|z Česko
|2 czenas
|
| 650 |
0 |
7 |
|a sociální integrace
|7 ph125789
|z Česko
|2 czenas
|
| 650 |
0 |
9 |
|a festivals
|z Czechia
|y 2001-2010
|2 eczenas
|
| 650 |
0 |
9 |
|a art workshops
|z Czechia
|y 2001-2010
|2 eczenas
|
| 650 |
0 |
9 |
|a street art
|z Czechia
|y 21st century
|2 eczenas
|
| 650 |
0 |
9 |
|a people with disabilities
|z Czechia
|2 eczenas
|
| 650 |
0 |
9 |
|a social integration
|z Czechia
|2 eczenas
|
| 651 |
|
7 |
|a Ústí nad Labem (Česko)
|7 ge131764
|2 czenas
|
| 651 |
|
9 |
|a Ústí nad Labem (Czechia)
|2 eczenas
|
| 655 |
|
7 |
|a informační publikace
|7 fd132454
|2 czenas
|
| 655 |
|
7 |
|a fotografické publikace
|7 fd132276
|2 czenas
|
| 655 |
|
9 |
|a information publications
|2 eczenas
|
| 655 |
|
9 |
|a photographical works
|2 eczenas
|
| 700 |
1 |
|
|a Pejčochová, Hana
|7 xx0130515
|4 aut
|
| 700 |
1 |
|
|a Zvěřina, Michal
|7 ola2011631042
|4 pht
|
| 700 |
1 |
|
|a Balkó, Iva,
|d 1983-
|7 mzk2011631713
|4 aut
|
| 711 |
2 |
|
|a Integra Jam
|d (2010 :
|c Ústí nad Labem, Česko)
|7 xx0134178
|
| 910 |
2 |
|
|a BOA001
|b 2-1264.436
|
| 990 |
|
|
|a BK
|
| 995 |
|
|
|a 01
|
| 991 |
|
|
|b 201104
|c NOV
|e n
|
| 996 |
6 |
|
|b 2610473939
|c 2-1264.436
|l MZK
|r Sklad / do 1 hodiny
|n 3
|p p.v.
|w 001173872
|u 000010
|a 1
|e BOA001
|j MZK50
|s P
|